00386nam a2200145 i 450000100060000000300090000600500170001500700030003200800410003510000200007624500460009626000550014230000220019785200210021988482ES-MaACL20230906175852.0t|050104s1924 fr ||||1| fre d1 aLandormy, Paul.10aHistoire de la musique / cPaul Landormy. aParis : b[s.n., c1925] (eCorbeil : fCrété) a470 p. ; c18 cm. aES-MaACLjF-1065